Fiscal policy and growth (Record no. 51370)

000 -LEADER
fixed length control field 00994pab a2200157 454500
008 - FIXED-LENGTH DATA ELEMENTS--GENERAL INFORMATION
fixed length control field 180718b2002 xxu||||| |||| 00| 0 eng d
100 ## - MAIN ENTRY--PERSONAL NAME
Personal name Karnik, Ajit
245 ## - TITLE STATEMENT
Title Fiscal policy and growth
260 ## - PUBLICATION, DISTRIBUTION, ETC.
Date of publication, distribution, etc. 2002
300 ## - PHYSICAL DESCRIPTION
Extent p.829-31
362 ## - DATES OF PUBLICATION AND/OR SEQUENTIAL DESIGNATION
Dates of publication and/or sequential designation 2 Mar
520 ## - SUMMARY, ETC.
Summary, etc. Can fiscal policy play a key role in the revival of the economy? The problem is that this question has had to be posed in the context of deteriorating fiscal balances of the centre and the states, whose combined deficit is today slightly worse after 10 years of reform. The states' gross fiscal deficit has deteriorated significantly. It is absolutely necessary, therefore, for the centre to be seen to be fiscally prudent, which will be a signal to the states of the centre's seriousness in regard to fiscal management. A contrary signal will undermine any restraint that the centre can bring to bear on the states. - Reproduced.
650 ## - SUBJECT ADDED ENTRY--TOPICAL TERM
Topical term or geographic name entry element Fiscal policy
773 ## - HOST ITEM ENTRY
Main entry heading Economic and Political Weekly
909 ## -
-- 51370
Holdings
Withdrawn status Lost status Damaged status Not for loan Permanent Location Current Location Date acquired Serial Enumeration / chronology Barcode Date last seen Price effective from Koha item type
        Indian Institute of Public Administration Indian Institute of Public Administration 2018-07-19 Volume no: 37, Issue no: 9 AR51798 2018-07-19 2018-07-19 Articles

Powered by Koha